1466 1223 1465 1819 1541 1268 1698 1842 1616 1334 1684 1062 1621 1846 1550 1580 1172 1342 1895 1890 1196 1323 1929 1072 1725 1003 1743 1366 1582 1227 1008 1148 1611 1819 1652 1941 1865 1741 1429 1338 1221 1562 1407 1328 1140 1120 1362 1330 1759 1478 1856 1258 1682 1514 1814 1264 1192 1999 1754 1588 1883 1043 1977 1217 1522 1146 1113 1098 1405 1907 1464 1253 1996 1255 1579 1644 1552 1706 1061 1263 1619 1961 1815 1528 1670 1438 1605 1790 1945 1350 1890 1985 1682 1969 1613 1326 1642 1965 1344 BCNSPRNW ULIB Ver.6.0+V

เปลี่ยนเป็นภาษาไทย

Change to English
 แสดงรายละเอียดบรรณานุกรม
  กลับหน้าหลัก

Brief Record : Get Marc (ISO 2709) : E-mail record : QR code < ปิดหน้าต่าง
LEADER : 00000nam 2200000uu 4500
001    13399120331
003     ULIB
008    120918s2551||||th 000 0 tha d
020    ^a9789740518150
060 04 ^aWY157^bป621พ 2551
100 0  ^aปิยะนุช พรหมสาขา ณ สกลนคร
245 10 ^aพฤติกรรมส่งเสริมสุขภาพและการพยาบาลเพื่อการส่งเสริมสุขภาพหลังคลอด /^cปิยะนุช พรหมสามา ณ สกลนคร
250    ^aพิมพ์ครั้งที่ 1 (ฉบับปรับปรุง ครั้งที่ 2)
260    ^aอุดรธานี :^bโรงพิมพ์ศักดิ์ศรีอักษรการพิมพ์,^c2551
300    ^a96 หน้า ;^c29 ซม.
504    ^aมีบรรณานุกรมและดัชนี
650  7 ^aการส่งเสริมสุขภาพ
650  7 ^aการพยาบาลสูติศาสตร์
650  7 ^aการดูแลภายหลังคลอด
945    ^p90^l0^i15497
945    ^p90^l0^i15499
945    ^p90^l0^i15181
945    ^p90^l0^i15498
995    ^aวิภา
999 ^a ใช้งานได้ทุกระบบ
รายการนี้ยังไม่มีแท็ก
คุณยังไม่ได้ล็อกอิน คุณสามารถมีกิจกรรมร่วมกับเว็บไซต์ได้ แต่ต้องล็อกอินก่อน ::
  ล็อกอิน

รายการสื่อสารสนเทศ

ลำดับที่ ประเภท เลขเรียก/บาร์โค้ด สถานที่ สถานะ
1. วิทยาศาสตร์การแพทย์ และสุขภาพ
วิทยาศาสตร์การแพทย์ และสุขภาพ
WY157 ป621พ 2551  
  Barcode: 15497
ห้องสมุดวิทยาเขตนครสวรรค์
►ส่วนจัดเก็บหนังสือเก่า นว.
บนชั้น
  ขอยืม
2. วิทยาศาสตร์การแพทย์ และสุขภาพ
วิทยาศาสตร์การแพทย์ และสุขภาพ
WY157 ป621พ 2551 ฉ.2 
  Barcode: 15499
ห้องสมุดวิทยาเขตนครสวรรค์
►ส่วนจัดเก็บหนังสือเก่า นว.
บนชั้น
  ขอยืม
3. วิทยาศาสตร์การแพทย์ และสุขภาพ
วิทยาศาสตร์การแพทย์ และสุขภาพ
WY157 ป621พ 2551 ฉ.3 
  Barcode: 15181
ห้องสมุดวิทยาเขตสวรรค์ประชารักษ์
►หนังสือทั่วไป
บนชั้น
4. วิทยาศาสตร์การแพทย์ และสุขภาพ
วิทยาศาสตร์การแพทย์ และสุขภาพ
WY157 ป621พ 2551 ฉ.4 
  Barcode: 15498
ห้องสมุดวิทยาเขตสวรรค์ประชารักษ์
►ส่วนจัดเก็บหนังสือเก่า สปร
บนชั้น
  ขอยืม

รายการใกล้เคียง
    ผู้แต่ง [ปิยะนุช พรหมสาขา ณ สกลนคร]

    หัวเรื่อง [การส่งเสริมสุขภาพ]
    หัวเรื่อง [การพยาบาลสูติศาสตร์]
    หัวเรื่อง [การดูแลภายหลังคลอด]

BibComment


ยังไม่เคยถูกคอมเมนท์

คอมเมนท์ทรัพยากรรายการนี้
  คอมเมนท์: พฤติกรรมส่งเสริม..


 Copyright 2026. Bcnsprnw @Library